| Tag |
First Indicator |
Second Indicator |
Subfields |
| LEADER |
00000pam a2200000 a 4500 |
| 001 |
in00000393321 |
| 005 |
20151011122813.0 |
| 008 |
850312s1985 ncu b 00110 eng |
| 010 |
|
|
|a 85004553
|
| 020 |
|
|
|a 0822306441 (alk. paper)
|
| 035 |
|
|
|a (OCoLC)11865861
|
| 035 |
|
|
|9 ABS4757AM
|
| 039 |
0 |
|
|a 2
|b 3
|c 3
|d 3
|e 3
|
| 040 |
|
|
|a DLC
|c DLC
|d TXA
|d UtOrBLW
|
| 043 |
|
|
|a e-ur---
|
| 049 |
|
|
|a TXAM
|c [A08697769]
|
| 050 |
0 |
0 |
|a HC340.T4
|b H64 1985
|
| 082 |
0 |
|
|a 338/.06
|2 19
|
| 100 |
1 |
|
|a Hoffmann, Erik P.,
|d 1939-
|
| 245 |
1 |
0 |
|a Technocratic socialism :
|b the Soviet Union in the advanced industrial era /
|c Erik P. Hoffmann and Robbin F. Laird.
|
| 264 |
|
1 |
|a Durham :
|b Duke University Press,
|c 1985.
|
| 300 |
|
|
|a viii, 228 pages ;
|c 24 cm.
|
| 336 |
|
|
|a text
|b txt
|2 rdacontent
|
| 337 |
|
|
|a unmediated
|b n
|2 rdamedia
|
| 338 |
|
|
|a volume
|b nc
|2 rdacarrier
|
| 490 |
1 |
|
|a Duke Press policy studies
|
| 500 |
|
|
|a Includes index.
|
| 504 |
|
|
|a Bibliography: pages [201]-225.
|
| 650 |
|
0 |
|a Technological innovations
|z Soviet Union.
|
| 650 |
|
0 |
|a Technology and state
|z Soviet Union.
|
| 650 |
|
0 |
|a Industrial policy
|z Soviet Union.
|
| 650 |
|
0 |
|a Technology
|x Social aspects
|z Soviet Union.
|
| 650 |
|
0 |
|a Communism and science
|z Soviet Union.
|
| 700 |
1 |
|
|a Laird, Robbin F.
|q (Robbin Frederick),
|d 1946-
|
| 830 |
|
0 |
|a Duke Press policy studies.
|
| 948 |
|
|
|a c:mc
|
| 999 |
|
|
|a MARS
|
| 999 |
f |
f |
|s 817248ca-686a-3d03-b910-b3936dd49d47
|i c350c261-105d-3661-8086-78815a181d72
|t 0
|
| 952 |
f |
f |
|p ric
|a Texas A&M University
|b Rellis Campus
|c Joint Library Facility
|s JLF
|d Remote Storage
|t 0
|e HC340.T4 H64 1985
|h Library of Congress classification
|i unmediated -- volume
|m A14808697769
|
| 998 |
f |
f |
|a HC340.T4 H64 1985
|t 0
|l Remote Storage
|